[Event "WCO 2016"]
[Site "?"]
[Date "2016.09.09"]
[Round "7"]
[Board "30"]
[WhiteID "14507943"]
[White "Franciskovic Borka"]
[BlackID "309672"]
[Black "Havlikova Kristyna"]
[Result "0-1"]
[BlackElo "2271"]
[WhiteElo "2267"]
[LiveChessVersion "1.4.8"]

1. Nf3 {[%clk 1:30:55]} g6 {[%clk 1:30:51]} 2. c4 {[%clk 1:31:02]} Bg7
{[%clk 1:30:52]} 3. d4 {[%clk 1:30:42]} Nf6 {[%clk 1:31:14]} 4. g3
{[%clk 1:30:53]} O-O {[%clk 1:31:30]} 5. Bg2 {[%clk 1:31:08]} d5 {[%clk 1:31:51]}
6. cxd5 {[%clk 1:31:03]} Nxd5 {[%clk 1:32:15]} 7. O-O {[%clk 1:30:28]} Nc6
{[%clk 1:32:23]} 8. e4 {[%clk 1:28:35]} Nb6 {[%clk 1:32:41]} 9. d5
{[%clk 1:27:58]} Na5 {[%clk 1:32:50]} 10. Qe1 {[%clk 1:26:31]} Nac4
{[%clk 1:33:04]} 11. Nc3 {[%clk 1:25:35]} e6 {[%clk 1:33:09]} 12. b3
{[%clk 0:58:17]} Qf6 {[%clk 1:32:43]} 13. bxc4 {[%clk 0:57:43]} Qxc3
{[%clk 1:32:55]} 14. Qxc3 {[%clk 0:57:40]} Bxc3 {[%clk 1:33:19]} 15. Rb1
{[%clk 0:58:01]} Nxc4 {[%clk 1:33:05]} 16. Bh6 {[%clk 0:52:25]} Bg7
{[%clk 1:33:17]} 17. Bxg7 {[%clk 0:52:03]} Kxg7 {[%clk 1:33:41]} 18. dxe6
{[%clk 0:50:16]} a6 {[%clk 1:33:20]} 19. Rfc1 {[%clk 0:36:44]} b5
{[%clk 1:27:59]} 20. exf7 {[%clk 0:28:23]} Bg4 {[%clk 1:11:50]} 21. Nd4
{[%clk 0:22:03]} Rad8 {[%clk 1:00:41]} 22. Nb3 {[%clk 0:19:21]} Rxf7
{[%clk 0:52:33]} 23. Rc3 {[%clk 0:15:09]} g5 {[%clk 0:35:41]} 24. h3
{[%clk 0:12:48]} Bc8 {[%clk 0:33:14]} 25. Re1 {[%clk 0:09:34]} Kf8
{[%clk 0:23:59]} 26. Rc2 {[%clk 0:06:40]} a5 {[%clk 0:17:02]} 27. Bf1
{[%clk 0:04:18]} Ne5 {[%clk 0:16:17]} 28. Kg2 {[%clk 0:04:00]} a4
{[%clk 0:06:34]} 29. Na5 {[%clk 0:03:32]} Rd6 {[%clk 0:03:42]} 30. Bxb5
{[%clk 0:02:05]} Nf3 {[%clk 0:03:42]} 31. Rh1 {[%clk 0:01:49]} Nd4
{[%clk 0:03:18]} 32. Rc5 {[%clk 0:02:05]} Nxb5 {[%clk 0:03:09]} 33. Rxb5
{[%clk 0:02:29]} Rd2 {[%clk 0:03:36]} 34. Rf1 {[%clk 0:00:42]} Ba6
{[%clk 0:03:50]} 35. Nc4 {[%clk 0:00:38]} Bxb5 {[%clk 0:03:35]} 36. Nxd2
{[%clk 0:01:01]} Bxf1+ {[%clk 0:04:00]} 37. Kxf1 Rf6 {[%clk 0:02:24]} 38. Ke2
{[%clk 0:01:29]} Ke7 {[%clk 0:01:57]} 39. Ke3 {[%clk 0:00:58]} Rc6
{[%clk 0:01:30]} 40. Kd3 {[%clk 0:30:43]} Rc1 {[%clk 0:31:13]} 41. a3
{[%clk 0:29:36]} Ra1 {[%clk 0:28:32]} 42. Nc4 {[%clk 0:29:50]} Ra2
{[%clk 0:28:43]} 43. f3 {[%clk 0:26:55]} Rg2 {[%clk 0:24:46]} 44. Ne3
{[%clk 0:22:47]} Rf2 {[%clk 0:23:39]} 45. f4 {[%clk 0:22:14]} gxf4
{[%clk 0:19:34]} 46. gxf4 {[%clk 0:21:54]} Rf3 {[%clk 0:19:46]} 47. e5
{[%clk 0:15:30]} Rxh3 {[%clk 0:20:07]} 48. f5 {[%clk 0:14:03]} h5
{[%clk 0:18:47]} 49. Ke4 {[%clk 0:13:59]} Rxe3+ {[%clk 0:11:04]} 50. Kxe3
{[%clk 0:14:25]} h4 {[%clk 0:11:31]} 51. Kf4 {[%clk 0:12:22]} h3 {[%clk 0:11:30]}
52. f6+ {[%clk 0:10:56]} Ke6 {[%clk 0:11:05]} 53. Kg3 {[%clk 0:11:16]} c5
{[%clk 0:11:32]} 54. Kxh3 {[%clk 0:11:39]} c4 {[%clk 0:11:59]} 0-1

[Event "WCO 2016"]
[Site "?"]
[Date "2016.09.09"]
[Round "7"]
[Board "31"]
[WhiteID "320242"]
[White "Olsarova Karolina"]
[BlackID "14507323"]
[Black "Saric Kristina"]
[Result "1/2-1/2"]
[BlackElo "2201"]
[WhiteElo "2255"]
[LiveChessVersion "1.4.8"]

1. e4 {[%clk 1:30:57]} c5 {[%clk 1:30:54]} 2. Nf3 {[%clk 1:31:23]} d6
{[%clk 1:31:15]} 3. d4 {[%clk 1:31:46]} cxd4 {[%clk 1:31:41]} 4. Nxd4
{[%clk 1:32:11]} Nf6 {[%clk 1:32:02]} 5. Nc3 {[%clk 1:32:36]} Nc6
{[%clk 1:32:22]} 6. Bg5 {[%clk 1:32:53]} a6 {[%clk 1:32:21]} 7. Qd2
{[%clk 1:31:51]} Nxd4 {[%clk 1:32:17]} 8. Qxd4 {[%clk 1:32:16]} Qa5
{[%clk 1:32:27]} 9. Bd2 {[%clk 1:29:16]} e5 {[%clk 1:31:22]} 10. Qd3
{[%clk 1:22:08]} Qb6 {[%clk 1:28:53]} 11. Be3 {[%clk 1:15:12]} Qa5
{[%clk 1:28:47]} 12. Be2 {[%clk 1:11:00]} Be7 {[%clk 1:26:52]} 13. O-O
{[%clk 1:10:03]} Be6 {[%clk 1:19:47]} 14. Rfd1 {[%clk 1:06:50]} O-O
{[%clk 1:17:01]} 15. a4 {[%clk 1:04:20]} Rac8 {[%clk 1:09:33]} 16. Bd2
{[%clk 0:52:38]} Qc7 {[%clk 1:05:57]} 17. a5 {[%clk 0:45:01]} h6 {[%clk 0:55:47]}
18. Be3 {[%clk 0:41:23]} Qc6 {[%clk 0:39:07]} 19. Bf3 {[%clk 0:39:02]} Nd7
{[%clk 0:32:44]} 20. Qd2 {[%clk 0:35:54]} Rfd8 {[%clk 0:29:16]} 21. h3
{[%clk 0:33:06]} Nf6 {[%clk 0:27:03]} 22. Rac1 {[%clk 0:24:42]} Qc4
{[%clk 0:15:38]} 23. Ra1 {[%clk 0:19:50]} Re8 {[%clk 0:14:23]} 24. Qc1
{[%clk 0:15:16]} Qc6 {[%clk 0:12:44]} 25. Rd2 {[%clk 0:13:29]} Bd8
{[%clk 0:10:09]} 26. Rd1 {[%clk 0:05:26]} Be7 {[%clk 0:07:48]} 27. Qd2
{[%clk 0:05:28]} Qc4 {[%clk 0:06:20]} 28. Kh2 {[%clk 0:03:47]} Qc6
{[%clk 0:05:12]} 29. g3 {[%clk 0:03:07]} Nd7 {[%clk 0:02:00]} 30. Bg2
{[%clk 0:03:15]} Qc7 {[%clk 0:01:27]} 31. Kg1 {[%clk 0:01:36]} Bf8
{[%clk 0:01:03]} 32. Qe2 {[%clk 0:01:19]} Qc4 {[%clk 0:01:13]} 33. Qd2
{[%clk 0:01:10]} Qc7 {[%clk 0:01:25]} 34. Kh2 {[%clk 0:01:23]} Kh8
{[%clk 0:01:36]} 35. Bf1 {[%clk 0:01:21]} Nf6 {[%clk 0:01:16]} 36. Bg2
{[%clk 0:01:26]} Nd7 {[%clk 0:01:34]} 37. Qe2 {[%clk 0:01:21]} Qc4
{[%clk 0:01:41]} 38. Qd2 {[%clk 0:01:11]} Qc7 {[%clk 0:02:00]} 39. Qe1
{[%clk 0:00:53]} Nb8 {[%clk 0:01:19]} 40. Bb6 {[%clk 0:31:00]} Qe7
{[%clk 0:31:06]} 41. Qe2 {[%clk 0:24:26]} Nc6 {[%clk 0:24:23]} 42. Nd5
{[%clk 0:20:12]} Bxd5 {[%clk 0:23:16]} 43. Rxd5 {[%clk 0:20:39]} Nd4
{[%clk 0:17:16]} 44. Bxd4 {[%clk 0:19:37]} exd4 {[%clk 0:17:42]} 45. Rxd4
{[%clk 0:18:53]} Rc5 {[%clk 0:16:56]} 46. c4 {[%clk 0:06:49]} Qe5
{[%clk 0:09:18]} 47. Qd2 {[%clk 0:05:35]} Rec8 {[%clk 0:08:35]} 48. f4
{[%clk 0:04:56]} Qf6 {[%clk 0:07:35]} 49. b3 {[%clk 0:03:02]} g5 {[%clk 0:03:25]}
50. Rd1 {[%clk 0:03:04]} gxf4 {[%clk 0:03:22]} 51. gxf4 {[%clk 0:02:59]} Be7
{[%clk 0:02:34]} 52. Rd5 {[%clk 0:01:59]} Rxd5 {[%clk 0:02:39]} 53. exd5
{[%clk 0:02:24]} Bd8 {[%clk 0:02:37]} 54. Qd4 {[%clk 0:01:12]} Qxd4
{[%clk 0:02:35]} 55. Rxd4 {[%clk 0:01:41]} Bxa5 {[%clk 0:02:52]} 56. Re4
{[%clk 0:02:02]} Kg7 {[%clk 0:02:14]} 57. Re7 {[%clk 0:02:12]} Rc7
{[%clk 0:02:10]} 58. Rxc7 {[%clk 0:02:16]} Bxc7 {[%clk 0:02:36]} 1/2-1/2

[Event "WCO 2016"]
[Site "?"]
[Date "2016.09.09"]
[Round "7"]
[Board "32"]
[WhiteID "14512670"]
[White "Deur Saric Zrinka"]
[BlackID "307033"]
[Black "Sikorova Olga"]
[Result "0-1"]
[BlackElo "2234"]
[WhiteElo "2185"]
[LiveChessVersion "1.4.8"]

1. e4 {[%clk 1:30:57]} e6 {[%clk 1:30:51]} 2. d4 {[%clk 1:31:22]} d5
{[%clk 1:31:12]} 3. Nc3 {[%clk 1:31:48]} Bb4 {[%clk 1:31:31]} 4. e5
{[%clk 1:32:02]} c5 {[%clk 1:31:42]} 5. a3 {[%clk 1:32:23]} Bxc3+
{[%clk 1:32:06]} 6. bxc3 {[%clk 1:32:52]} Qa5 {[%clk 1:32:09]} 7. Bd2
{[%clk 1:32:15]} Qa4 {[%clk 1:32:03]} 8. h4 {[%clk 1:31:38]} c4 {[%clk 1:13:59]}
9. h5 {[%clk 1:26:21]} h6 {[%clk 1:13:32]} 10. Nf3 {[%clk 1:21:45]} Nc6
{[%clk 1:12:28]} 11. Rh3 {[%clk 1:16:01]} Nge7 {[%clk 1:06:40]} 12. Nh4
{[%clk 1:14:21]} Bd7 {[%clk 1:04:09]} 13. Rf3 {[%clk 1:00:00]} Rf8
{[%clk 0:52:24]} 14. g3 {[%clk 0:48:16]} O-O-O {[%clk 0:36:54]} 15. Bh3
{[%clk 0:46:23]} Ng8 {[%clk 0:35:33]} 16. Kf1 {[%clk 0:37:00]} Nce7
{[%clk 0:34:43]} 17. Qc1 {[%clk 0:24:08]} f6 {[%clk 0:30:14]} 18. Kg1
{[%clk 0:23:21]} Qc6 {[%clk 0:25:17]} 19. Qe1 {[%clk 0:19:30]} f5
{[%clk 0:20:19]} 20. g4 {[%clk 0:17:43]} fxg4 {[%clk 0:18:33]} 21. Bxg4
{[%clk 0:17:31]} Rxf3 22. Bxf3 {[%clk 0:17:38]} Be8 {[%clk 0:16:32]} 23. Qc1
{[%clk 0:15:41]} g5 {[%clk 0:10:16]} 24. Ng2 {[%clk 0:05:53]} Nf5
{[%clk 0:10:06]} 25. Ne3 {[%clk 0:05:46]} Nge7 {[%clk 0:09:55]} 26. Nf1
{[%clk 0:05:26]} Bf7 {[%clk 0:09:53]} 27. Ng3 {[%clk 0:04:27]} Qe8
{[%clk 0:08:37]} 28. Qd1 {[%clk 0:02:39]} Ng7 {[%clk 0:08:32]} 29. Qe2
{[%clk 0:01:57]} Nef5 {[%clk 0:08:25]} 30. Re1 {[%clk 0:01:23]} Nxg3
{[%clk 0:04:08]} 31. fxg3 {[%clk 0:01:53]} Bxh5 {[%clk 0:03:35]} 32. g4
{[%clk 0:01:04]} Bg6 {[%clk 0:03:54]} 33. Bc1 {[%clk 0:01:04]} Qh8
{[%clk 0:02:44]} 34. Qg2 {[%clk 0:00:43]} Ne8 {[%clk 0:02:34]} 35. Qh2
{[%clk 0:00:34]} Nc7 {[%clk 0:02:38]} 36. Kg2 {[%clk 0:00:36]} Qh7
{[%clk 0:01:54]} 37. Kg3 {[%clk 0:00:37]} Bxc2 {[%clk 0:01:32]} 38. Re2
{[%clk 0:00:51]} Bg6 {[%clk 0:01:42]} 39. Rb2 {[%clk 0:01:14]} Rf8
{[%clk 0:01:12]} 40. Be3 {[%clk 0:31:06]} Be4 {[%clk 0:30:50]} 41. Bd1
{[%clk 0:31:26]} b6 {[%clk 0:27:46]} 42. Rf2 {[%clk 0:30:44]} Qg7
{[%clk 0:26:34]} 43. a4 {[%clk 0:29:25]} Rxf2 {[%clk 0:23:09]} 44. Qxf2
{[%clk 0:29:21]} Bg6 {[%clk 0:23:28]} 45. Bc1 {[%clk 0:29:27]} Qe7
{[%clk 0:10:55]} 46. Bb2 {[%clk 0:25:55]} Kd7 {[%clk 0:10:04]} 47. Qd2
{[%clk 0:26:10]} Qf8 {[%clk 0:09:35]} 48. Be2 {[%clk 0:26:05]} b5
{[%clk 0:06:59]} 49. Bc1 {[%clk 0:19:00]} Kc6 {[%clk 0:05:57]} 50. Qb2
{[%clk 0:17:18]} a5 {[%clk 0:05:38]} 51. axb5+ {[%clk 0:17:02]} Nxb5
{[%clk 0:06:07]} 52. Bd1 {[%clk 0:17:16]} Be4 {[%clk 0:03:58]} 53. Be2
{[%clk 0:14:52]} a4 {[%clk 0:04:03]} 54. Qa1 {[%clk 0:14:03]} a3 {[%clk 0:04:01]}
55. Bd2 {[%clk 0:13:52]} Bc2 {[%clk 0:03:36]} 56. Qh1 {[%clk 0:11:58]} a2
{[%clk 0:03:22]} 57. Bxc4 {[%clk 0:12:14]} Be4 {[%clk 0:02:50]} 58. Bxb5+
{[%clk 0:11:03]} Kxb5 {[%clk 0:02:56]} 59. c4+ {[%clk 0:11:29]} Ka6
{[%clk 0:03:04]} 60. Qd1 {[%clk 0:11:43]} Qa3+ {[%clk 0:02:48]} 0-1

[Event "WCO 2016"]
[Site "?"]
[Date "2016.09.09"]
[Round "7"]
[Board "29"]
[WhiteID "1308521"]
[White "Mueller-Seps Monika"]
[BlackID "8600643"]
[Black "Li Ruofan"]
[Result "0-1"]
[BlackElo "2353"]
[WhiteElo "2276"]
[LiveChessVersion "1.4.8"]

1. d4 {[%clk 1:30:58]} Nf6 {[%clk 1:30:52]} 2. Nf3 {[%clk 1:31:23]} g6
{[%clk 1:31:14]} 3. Bg5 {[%clk 1:31:47]} Bg7 {[%clk 1:31:23]} 4. Nbd2
{[%clk 1:32:03]} O-O {[%clk 1:31:18]} 5. c3 {[%clk 1:32:28]} d6 {[%clk 1:30:56]}
6. e4 {[%clk 1:32:49]} c5 {[%clk 1:31:01]} 7. d5 {[%clk 1:32:59]} h6
{[%clk 1:27:48]} 8. Bxf6 {[%clk 1:32:55]} Bxf6 {[%clk 1:28:10]} 9. Bc4
{[%clk 1:33:22]} Na6 {[%clk 1:13:02]} 10. O-O {[%clk 1:23:15]} Nc7
{[%clk 1:13:05]} 11. a4 {[%clk 1:23:38]} Bg7 {[%clk 1:12:13]} 12. Re1
{[%clk 1:18:09]} e6 {[%clk 1:03:42]} 13. dxe6 {[%clk 1:07:49]} fxe6
{[%clk 1:02:25]} 14. Qc2 {[%clk 1:02:46]} Bd7 {[%clk 1:01:01]} 15. Rad1
{[%clk 0:46:30]} a6 {[%clk 0:56:54]} 16. a5 {[%clk 0:40:59]} Qe7 {[%clk 0:34:43]}
17. Ba2 {[%clk 0:35:10]} Be8 {[%clk 0:34:11]} 18. Re3 {[%clk 0:27:40]} Nb5
{[%clk 0:30:16]} 19. h4 {[%clk 0:24:26]} Rd8 {[%clk 0:20:10]} 20. Nf1
{[%clk 0:24:53]} Kh7 {[%clk 0:15:04]} 21. Ng3 {[%clk 0:21:50]} Bf7
{[%clk 0:11:01]} 22. e5 {[%clk 0:21:20]} dxe5 {[%clk 0:06:49]} 23. Rxd8
{[%clk 0:19:17]} Rxd8 {[%clk 0:07:11]} 24. Bb1 {[%clk 0:16:50]} Nd6
{[%clk 0:03:29]} 25. h5 {[%clk 0:17:02]} Nf5 {[%clk 0:03:56]} 26. Re1
{[%clk 0:14:23]} c4 {[%clk 0:02:58]} 27. Qe4 {[%clk 0:13:37]} Kg8
{[%clk 0:02:24]} 28. Qxc4 {[%clk 0:07:41]} gxh5 {[%clk 0:02:52]} 29. Ne4
{[%clk 0:06:00]} h4 {[%clk 0:03:21]} 30. Ba2 {[%clk 0:04:15]} h3 {[%clk 0:01:56]}
31. gxh3 {[%clk 0:04:13]} Nh4 {[%clk 0:02:09]} 32. Nxh4 {[%clk 0:02:33]} Qxh4
{[%clk 0:02:38]} 33. Kh2 {[%clk 0:02:01]} Qf4+ {[%clk 0:01:36]} 34. Kg2
{[%clk 0:01:58]} Kh8 {[%clk 0:01:35]} 35. Re3 {[%clk 0:01:33]} Rd1
{[%clk 0:00:56]} 36. Bb3 {[%clk 0:01:15]} Rb1 {[%clk 0:01:04]} 37. Qe2
{[%clk 0:01:01]} Bg6 {[%clk 0:00:44]} 38. Bxe6 {[%clk 0:00:53]} Bxe4+ 39. Rxe4
Qc1 {[%clk 0:01:05]} 40. Qd3 {[%clk 0:30:50]} Bf6 {[%clk 0:30:35]} 41. Qxb1
{[%clk 0:21:13]} Qxb1 {[%clk 0:30:57]} 42. Rb4 {[%clk 0:18:37]} Be7
{[%clk 0:29:58]} 43. Rg4 {[%clk 0:14:10]} Qxb2 {[%clk 0:28:29]} 44. c4
{[%clk 0:11:53]} Bc5 {[%clk 0:27:55]} 0-1

[Event "WCO 2016"]
[Site "?"]
[Date "2016.09.09"]
[Round "7"]
[Board "30"]
[WhiteID "8602425"]
[White "Gong Qianyun"]
[BlackID "4612434"]
[Black "Heinatz Dr. Gundula"]
[Result "1-0"]
[BlackElo "2205"]
[WhiteElo "2262"]
[LiveChessVersion "1.4.8"]

1. e4 {[%clk 1:30:57]} c5 {[%clk 1:30:54]} 2. Nf3 {[%clk 1:31:21]} Nc6
{[%clk 1:31:18]} 3. Bb5 {[%clk 1:31:42]} g6 {[%clk 1:31:32]} 4. Bxc6
{[%clk 1:32:05]} bxc6 {[%clk 1:31:56]} 5. O-O {[%clk 1:32:11]} Bg7
{[%clk 1:32:09]} 6. Re1 {[%clk 1:31:53]} e5 {[%clk 1:30:59]} 7. c3
{[%clk 1:26:26]} Ne7 {[%clk 1:27:06]} 8. d4 {[%clk 1:16:54]} cxd4
{[%clk 1:25:36]} 9. cxd4 {[%clk 1:17:20]} exd4 {[%clk 1:25:59]} 10. Nxd4
{[%clk 1:17:40]} O-O {[%clk 1:24:00]} 11. Nc3 {[%clk 1:16:29]} Rb8
{[%clk 1:17:37]} 12. Nb3 {[%clk 1:12:29]} Qc7 {[%clk 1:13:06]} 13. Bg5
{[%clk 1:12:08]} d6 {[%clk 1:08:29]} 14. Rc1 {[%clk 1:10:46]} Ba6
{[%clk 0:56:01]} 15. Bf4 {[%clk 0:59:59]} Nc8 {[%clk 0:47:59]} 16. Nd5
{[%clk 0:48:33]} Qb7 {[%clk 0:43:15]} 17. Na5 {[%clk 0:48:49]} Qxb2
{[%clk 0:43:05]} 18. Nxc6 {[%clk 0:49:13]} Rb7 {[%clk 0:42:51]} 19. Na5
{[%clk 0:31:43]} Rb5 {[%clk 0:33:48]} 20. Qa4 {[%clk 0:18:58]} Nb6
{[%clk 0:32:50]} 21. Nxb6 {[%clk 0:19:01]} Rxb6 {[%clk 0:33:11]} 22. Nb3
{[%clk 0:18:00]} Bb5 {[%clk 0:22:30]} 23. Qxa7 {[%clk 0:15:37]} Ra6
{[%clk 0:22:52]} 24. Qe3 {[%clk 0:15:58]} Qxa2 {[%clk 0:22:04]} 25. Rb1
{[%clk 0:12:12]} Re8 {[%clk 0:17:42]} 26. h3 {[%clk 0:05:50]} h5 {[%clk 0:16:59]}
27. Nd2 {[%clk 0:05:11]} Qa4 {[%clk 0:15:15]} 28. Qg3 {[%clk 0:05:14]} Rc6
{[%clk 0:09:42]} 29. Bxd6 {[%clk 0:04:15]} h4 {[%clk 0:07:42]} 30. Qa3
{[%clk 0:03:11]} Rd8 {[%clk 0:06:21]} 31. Qxa4 {[%clk 0:03:03]} Bxa4
{[%clk 0:06:50]} 32. e5 {[%clk 0:03:30]} f6 {[%clk 0:06:03]} 33. Nf3
{[%clk 0:03:45]} fxe5 {[%clk 0:05:48]} 34. Bxe5 {[%clk 0:04:14]} Bc2
{[%clk 0:04:34]} 35. Rb7 {[%clk 0:04:25]} Bxe5 {[%clk 0:04:47]} 36. Rxe5
{[%clk 0:04:54]} Rf6 {[%clk 0:04:14]} 37. Ree7 {[%clk 0:04:36]} Rf4
{[%clk 0:02:50]} 38. Rg7+ {[%clk 0:04:49]} Kf8 {[%clk 0:03:05]} 39. Ng5
{[%clk 0:04:53]} 1-0

[Event "WCO 2016"]
[Site "?"]
[Date "2016.09.09"]
[Round "7"]
[Board "31"]
[WhiteID "1331973"]
[White "Georgescu Lena"]
[BlackID "5806453"]
[Black "Tin Ruiqi"]
[Result "1-0"]
[BlackElo "1892"]
[WhiteElo "2164"]
[LiveChessVersion "1.4.8"]

1. e4 {[%clk 1:30:57]} e5 {[%clk 1:30:55]} 2. Bc4 {[%clk 1:31:23]} Nf6
{[%clk 1:31:19]} 3. d3 {[%clk 1:31:50]} Nc6 {[%clk 1:31:43]} 4. Nc3
{[%clk 1:32:16]} Bb4 {[%clk 1:32:07]} 5. Nge2 {[%clk 1:32:11]} d5
{[%clk 1:32:11]} 6. exd5 {[%clk 1:32:37]} Nxd5 {[%clk 1:32:36]} 7. O-O
{[%clk 1:32:49]} Be6 {[%clk 1:32:31]} 8. Bxd5 {[%clk 1:30:56]} Bxd5
{[%clk 1:32:46]} 9. f4 {[%clk 1:30:49]} Qd7 {[%clk 1:24:15]} 10. fxe5
{[%clk 1:19:46]} Nxe5 {[%clk 1:23:31]} 11. Nxd5 {[%clk 1:17:12]} Qxd5
{[%clk 1:23:48]} 12. Nf4 {[%clk 1:08:27]} Bc5+ {[%clk 1:01:58]} 13. Kh1
{[%clk 1:07:52]} Qd6 {[%clk 0:59:54]} 14. c3 {[%clk 1:01:17]} O-O-O
{[%clk 0:56:00]} 15. d4 {[%clk 1:01:14]} Bb6 {[%clk 0:52:43]} 16. a4
{[%clk 1:00:09]} c6 {[%clk 0:36:47]} 17. Qh5 {[%clk 0:38:06]} Ng6
{[%clk 0:25:58]} 18. Nd3 {[%clk 0:36:28]} f6 {[%clk 0:17:44]} 19. Be3
{[%clk 0:35:57]} Qd5 {[%clk 0:09:50]} 20. Qg4+ {[%clk 0:32:10]} Qd7
{[%clk 0:08:46]} 21. Qxd7+ {[%clk 0:25:50]} Rxd7 {[%clk 0:08:39]} 22. Bf2
{[%clk 0:24:54]} Re8 {[%clk 0:07:09]} 23. Bg3 {[%clk 0:21:15]} Bc7
{[%clk 0:07:26]} 24. Bxc7 {[%clk 0:21:24]} Kxc7 {[%clk 0:07:46]} 25. Kg1
{[%clk 0:20:38]} Re2 {[%clk 0:07:28]} 26. Rf2 {[%clk 0:19:45]} Rde7
{[%clk 0:07:19]} 27. Kf1 {[%clk 0:18:57]} Rxf2+ {[%clk 0:07:29]} 28. Kxf2
{[%clk 0:19:19]} Nf8 {[%clk 0:05:50]} 29. a5 {[%clk 0:14:40]} Nd7
{[%clk 0:04:32]} 30. Kf3 {[%clk 0:13:59]} Kd6 {[%clk 0:03:59]} 31. c4
{[%clk 0:13:09]} f5 {[%clk 0:01:26]} 32. Rd1 {[%clk 0:09:33]} g5 {[%clk 0:00:47]}
33. g3 {[%clk 0:06:54]} h6 {[%clk 0:00:45]} 34. b4 {[%clk 0:05:37]} Re4
{[%clk 0:00:38]} 35. Nb2 {[%clk 0:03:37]} a6 {[%clk 0:00:38]} 36. Na4
{[%clk 0:01:55]} Ke6 {[%clk 0:00:38]} 37. Nc3 {[%clk 0:01:55]} Rg4
{[%clk 0:00:44]} 38. h3 {[%clk 0:01:50]} Ne5+ {[%clk 0:00:48]} 39. Kf2
{[%clk 0:01:00]} 1-0

[Event "WCO 2016"]
[Site "?"]
[Date "2016.09.09"]
[Round "7"]
[Board "32"]
[WhiteID "5804132"]
[White "Siew Kai Xin"]
[BlackID "1305620"]
[Black "De Seroux Camille"]
[Result "1/2-1/2"]
[BlackElo "2101"]
[WhiteElo "1607"]
[LiveChessVersion "1.4.8"]

1. d4 {[%clk 1:30:57]} Nf6 {[%clk 1:30:53]} 2. c4 {[%clk 1:31:22]} e6
{[%clk 1:31:18]} 3. Nf3 {[%clk 1:31:48]} Bb4+ {[%clk 1:31:38]} 4. Bd2
{[%clk 1:32:11]} Qe7 {[%clk 1:32:01]} 5. a3 {[%clk 1:32:24]} Bxd2+
{[%clk 1:31:45]} 6. Qxd2 {[%clk 1:32:47]} a5 {[%clk 1:26:43]} 7. Nc3
{[%clk 1:30:20]} d6 {[%clk 1:25:42]} 8. d5 {[%clk 1:19:43]} e5 {[%clk 1:22:40]}
9. e4 {[%clk 1:20:07]} Nbd7 {[%clk 1:20:32]} 10. Bd3 {[%clk 1:16:34]} Nc5
{[%clk 1:19:10]} 11. Bc2 {[%clk 1:16:59]} a4 {[%clk 1:18:44]} 12. O-O-O
{[%clk 1:07:41]} O-O {[%clk 1:13:35]} 13. Ne1 {[%clk 1:01:15]} Bd7
{[%clk 1:06:04]} 14. f3 {[%clk 0:57:12]} Rfb8 {[%clk 0:55:31]} 15. Qe2
{[%clk 0:53:48]} b5 {[%clk 0:50:43]} 16. cxb5 {[%clk 0:47:14]} Qe8
{[%clk 0:49:53]} 17. Rd2 {[%clk 0:44:10]} Bxb5 {[%clk 0:44:09]} 18. Nxb5
{[%clk 0:44:29]} Rxb5 {[%clk 0:44:02]} 19. Nd3 {[%clk 0:43:51]} Nxd3+
{[%clk 0:40:30]} 20. Bxd3 {[%clk 0:43:45]} Rb6 {[%clk 0:40:01]} 21. Rc2
{[%clk 0:41:47]} Qb8 {[%clk 0:39:09]} 22. g4 {[%clk 0:38:23]} Ra7
{[%clk 0:35:51]} 23. Bc4 {[%clk 0:34:26]} Nd7 {[%clk 0:33:14]} 24. h4
{[%clk 0:32:29]} Nc5 {[%clk 0:32:20]} 25. Rh2 {[%clk 0:30:01]} Rab7
{[%clk 0:26:38]} 26. g5 {[%clk 0:24:41]} Qa7 {[%clk 0:24:03]} 27. h5
{[%clk 0:19:17]} Nb3+ {[%clk 0:08:25]} 28. Bxb3 {[%clk 0:19:18]} axb3
{[%clk 0:07:15]} 29. Rc3 {[%clk 0:15:50]} Rb5 {[%clk 0:07:02]} 30. Qf2
{[%clk 0:14:56]} Qa6 {[%clk 0:05:36]} 31. Qe2 {[%clk 0:09:42]} c5
{[%clk 0:03:07]} 1/2-1/2

[Event "WCO 2016"]
[Site "?"]
[Date "2016.09.09"]
[Round "7"]
[Board "1"]
[WhiteID "200468"]
[White "Goossens Hanne"]
[BlackID "10605908"]
[Black "Mona Khaled"]
[Result "1-0"]
[BlackElo "2175"]
[WhiteElo "2149"]
[LiveChessVersion "1.4.8"]

1. e4 {[%clk 1:30:57]} e5 {[%clk 1:30:40]} 2. Nf3 {[%clk 1:31:22]} Nc6
{[%clk 1:31:06]} 3. Bb5 {[%clk 1:31:21]} Nge7 {[%clk 1:31:29]} 4. Nc3
{[%clk 1:31:26]} d6 {[%clk 1:31:49]} 5. d4 {[%clk 1:31:16]} Bd7 {[%clk 1:32:14]}
6. dxe5 {[%clk 1:31:12]} dxe5 {[%clk 1:32:39]} 7. Bc4 {[%clk 1:30:59]} f6
{[%clk 1:31:29]} 8. Be3 {[%clk 1:24:31]} Qc8 {[%clk 1:19:10]} 9. Qd2
{[%clk 1:20:03]} Be6 {[%clk 1:19:16]} 10. Nd5 {[%clk 1:16:10]} Bf7
{[%clk 1:18:34]} 11. Rd1 {[%clk 1:11:40]} Nxd5 {[%clk 1:14:57]} 12. Bxd5
{[%clk 0:59:16]} Qd7 {[%clk 1:11:09]} 13. O-O {[%clk 0:54:02]} Bxd5
{[%clk 1:08:20]} 14. exd5 {[%clk 0:50:13]} Nd8 {[%clk 1:08:22]} 15. c4
{[%clk 0:49:35]} Nf7 {[%clk 1:02:51]} 16. b4 {[%clk 0:43:34]} b6 {[%clk 1:01:27]}
17. Qc3 {[%clk 0:39:06]} g6 {[%clk 0:59:43]} 18. c5 {[%clk 0:31:50]} Bg7
{[%clk 1:00:04]} 19. Qc4 {[%clk 0:25:31]} O-O {[%clk 0:55:56]} 20. d6
{[%clk 0:25:04]} Kh8 {[%clk 0:56:01]} 21. dxc7 {[%clk 0:20:59]} Qxc7
{[%clk 0:56:23]} 22. Qb5 {[%clk 0:15:44]} Rfd8 {[%clk 0:46:48]} 23. cxb6
{[%clk 0:14:26]} axb6 {[%clk 0:47:13]} 24. Rxd8+ {[%clk 0:13:46]} Qxd8
{[%clk 0:45:21]} 25. Bxb6 {[%clk 0:13:05]} Qd6 {[%clk 0:36:05]} 26. Bc5
{[%clk 0:11:32]} Qd5 {[%clk 0:36:12]} 27. a4 {[%clk 0:10:47]} f5 {[%clk 0:36:20]}
28. a5 {[%clk 0:08:54]} e4 {[%clk 0:35:56]} 29. Ne1 {[%clk 0:05:50]} Ne5
{[%clk 0:35:30]} 30. Nc2 {[%clk 0:04:28]} f4 {[%clk 0:18:26]} 31. Qb6
{[%clk 0:03:21]} Nc4 {[%clk 0:15:23]} 32. Qc7 {[%clk 0:03:09]} Be5
{[%clk 0:13:26]} 33. Qe7 {[%clk 0:03:36]} Bc3 {[%clk 0:11:00]} 34. a6
{[%clk 0:02:00]} Nd2 {[%clk 0:07:35]} 35. Re1 {[%clk 0:01:44]} Rxa6
{[%clk 0:07:30]} 36. Qf8+ {[%clk 0:01:27]} Qg8 {[%clk 0:07:53]} 37. Qxf4
{[%clk 0:01:37]} Ra8 {[%clk 0:04:49]} 38. Bd4+ {[%clk 0:01:15]} Bxd4
{[%clk 0:05:12]} 39. Nxd4 {[%clk 0:01:42]} Nc4 {[%clk 0:04:20]} 40. Qxe4
{[%clk 0:31:42]} Rc8 {[%clk 0:31:56]} 41. Nc6 {[%clk 0:28:14]} 1-0